Speech and theater arts / (Record no. 78136)

MARC details
000 -LEADER
fixed length control field 00987nam a22002777a 4500
003 - CONTROL NUMBER IDENTIFIER
control field URS
005 - DATE AND TIME OF LATEST TRANSACTION
control field 20260212143842.0
008 - FIXED-LENGTH DATA ELEMENTS--GENERAL INFORMATION
fixed length control field 200221t2022 ||||| |||| 00| 0 eng d
020 ## - INTERNATIONAL STANDARD BOOK NUMBER
International Standard Book Number 978-621-451-029-0
040 ## - CATALOGING SOURCE
Transcribing agency URS
050 14 - LIBRARY OF CONGRESS CALL NUMBER
Classification number PN2071.S65
Item number .Sp321 2022
245 00 - TITLE STATEMENT
Title Speech and theater arts /
Statement of responsibility, etc Felimon Bonita Blanco, PhD, Lito L. Diones, DA, Monique Escalada-Cordova, DA, Janet A. Mananay, EdD.
264 #1 - PUBLICATION, DISTRIBUTION, ETC. (IMPRINT)
Place of publication, distribution, etc Quezon City :
Name of publisher, distributor, etc Lorimar Publishing Inc.,
Date of publication, distribution, etc ©2022.
300 ## - PHYSICAL DESCRIPTION
Extent xiv, 177 pages ;
Dimensions 24 cm.
Other physical details illustrations,
336 ## - CONTENT TYPE
Source rdacontent
Content type term text
337 ## - MEDIA TYPE
Source rdamedia
Media type code unmediated
338 ## - CARRIER TYPE
Source rdacarrier
Carrier type code volume
504 ## - BIBLIOGRAPHY, ETC. NOTE
Bibliography, etc Includes bibliographical references.
650 #0 - SUBJECT ADDED ENTRY--TOPICAL TERM
Topical term or geographic name as entry element Speech acts (Linguistics)
General subdivision Study and teaching
650 #0 - SUBJECT ADDED ENTRY--TOPICAL TERM
Topical term or geographic name as entry element Theater
General subdivision Study and teaching
700 1# - ADDED ENTRY--PERSONAL NAME
Personal name Blanco, Felimon Bonita
Relator term author
700 1# - ADDED ENTRY--PERSONAL NAME
Personal name Diones, Lito L.
Relator term author
700 1# - ADDED ENTRY--PERSONAL NAME
Personal name Escalada-Cordova, Monique
Relator term author
700 1# - ADDED ENTRY--PERSONAL NAME
Personal name Mananay, Janet A.
Relator term author
942 ## - ADDED ENTRY ELEMENTS (KOHA)
Source of classification or shelving scheme Library of Congress Classification
Koha item type Filipiniana
Holdings
Withdrawn status Lost status Source of classification or shelving scheme Damaged status Not for loan Home library Current library Shelving location Date acquired Total Checkouts Full call number Barcode Date last seen Price effective from Koha item type Copy number Collection code Source of acquisition
    Library of Congress Classification     Rodriguez College Library Rodriguez College Library Filipiniana Section 05/31/2024   PN 2071.S65 .Sp321 2022 URSROD-5214 05/31/2024 05/31/2024 Filipiniana c1    
    Library of Congress Classification     Rodriguez College Library Rodriguez College Library Filipiniana Section 05/31/2024   PN 2071.S65 .Sp321 2022 URSROD-5215 05/31/2024 05/31/2024 Filipiniana c2    
    Library of Congress Classification     Tanay College Library Tanay College Library Reserve Section 09/19/2023   PN 2071.S65 Sp321 2022 URSTAN-N3454 10/04/2023 10/04/2023 Filipiniana      
    Library of Congress Classification     Tanay College Library Tanay College Library   10/04/2023   PN 2071.S65 Sp321 2022 URSTAN-N3464 10/04/2023 10/04/2023 Filipiniana      
    Library of Congress Classification     Taytay College Library Taytay College Library Filipiniana Section 10/19/2023   PN2037 .Sp32 2022 URSTAY-5257 02/12/2026   Filipiniana 1 Non-fiction Purchased
    Library of Congress Classification     Taytay College Library Taytay College Library Filipiniana Section 10/19/2023   PN2037 .Sp32 2022 URSTAY-5258 02/12/2026   Filipiniana 2 Non-fiction Purchased

University of Rizal System
Email us at univlibservices@urs.edu.ph

Visit our Website www.urs.edu.ph/library